England Footballers by Picture - Statistics

General Stats
  • This quiz has been taken 392 times
  • The average score is 15 of 24
Answer Stats
Picture Answer % Correct
Wayne Rooney
100%
Peter Crouch
93%
Raheem Sterling
92%
Harry Kane
80%
Jordan Pickford
80%
Stuart Pearce
77%
Marcus Rashford
75%
Luke Shaw
72%
David James
70%
Emile Heskey
69%
Bobby Moore
66%
Joe Cole
66%
Kevin Keegan
65%
Theo Walcott
64%
Tony Adams
63%
Peter Shilton
61%
David Platt
50%
Terry Butcher
41%
Alan Ball
37%
Geoff Hurst
37%
Viv Anderson
34%
Mick Mills
25%
Nat Lofthouse
21%
Duncan Edwards
17%
No matching quizzes found
Score Distribution
Percent of People with Each Score
Percentile by Number Answered
Your Score History
You have not taken this quiz